| 000 -LEADER |
| fixed length control field |
00916cam a2200265 a 4500 |
| 001 - CONTROL NUMBER |
| control field |
15031493 |
| 005 - DATE AND TIME OF LATEST TRANSACTION |
| control field |
20180222033115.0 |
| 008 - FIXED-LENGTH DATA ELEMENTS--GENERAL INFORMATION |
| fixed length control field |
071002s2008 njua 001 0 eng |
| 010 ## - LIBRARY OF CONGRESS CONTROL NUMBER |
| LC control number |
2007040927 |
| 020 ## - INTERNATIONAL STANDARD BOOK NUMBER |
| International Standard Book Number |
9780136129349 |
| 020 ## - INTERNATIONAL STANDARD BOOK NUMBER |
| International Standard Book Number |
013612934X |
| 020 ## - INTERNATIONAL STANDARD BOOK NUMBER |
| International Standard Book Number |
9780135012840 |
| 035 ## - SYSTEM CONTROL NUMBER |
| System control number |
(OCoLC)ocn173683798 |
| 040 ## - CATALOGING SOURCE |
| Original cataloging agency |
DLC |
| Transcribing agency |
DLC |
| Modifying agency |
BAKER |
| -- |
BTCTA |
| -- |
C#P |
| -- |
BWX |
| -- |
YDXCP |
| -- |
DLC |
| 041 ## - LANGUAGE CODE |
| Language code of text/sound track or separate title |
eng |
| 080 ## - UNIVERSAL DECIMAL CLASSIFICATION NUMBER |
| Universal Decimal Classification number |
657 HAR |
| 082 00 - DEWEY DECIMAL CLASSIFICATION NUMBER |
| Classification number |
657 HAR |
| Edition number |
22 |
| 100 1# - Rafti |
| Rafti |
61 |
| 101 ## - Shkurtesa |
| Shkurtesa |
KF |
| 245 10 - TITLE STATEMENT |
| Title |
Financial accounting / |
| Statement of responsibility, etc |
Walter T. Harrison, Jr., Charles T. Horngren. |
| 776 08 - ADDITIONAL PHYSICAL FORM ENTRY |
| Display text |
Online version: |
| Main entry heading |
Harrison, Walter T. |
| Title |
Financial accounting. |
| Edition |
7th ed. |
| Place, publisher, and date of publication |
Upper Saddle River, NJ : Pearson Prentice Hall, c2008 |
| Record control number |
(OCoLC)654187202 |
| 906 ## - LOCAL DATA ELEMENT F, LDF (RLIN) |
| a |
7 |
| b |
cbc |
| c |
orignew |
| d |
1 |
| e |
ecip |
| f |
20 |
| g |
y-gencatlg |
| 942 ## - ADDED ENTRY ELEMENTS (KOHA) |
| Source of classification or shelving scheme |
|
| Item type |
Books |